000 00203 a2200097 4500
001 57430
100 _a
245 _aWuthering Heights
260 _aNY
_bClassic Love story
_c1985
090 _c35160
_d35160
942 _aNUST-CAE
_c
_c27959
999 _c292503
_d292503